00852nam a2200241 i 4500001001000000003000900010005001700019007000300036008004100039040003000080082001700110100003900127245016300166264003400329300002800363336002700391337003300418338002800451500002000479504003500499700004000534700003600574000045149DO-SdBNP20250303091415.0ta110324s2001 dr 000 0 spa d aDO-SdBNPbspacBNPHUerda 4222axxxbxxx1 aDe la Rosa, Víctor,eautor4aut.10aCurso de contabilidad para el segundo nivel :bteoría y práctica, pregungas y problemas /cVíctor R. De la Rosa, Damaso A. Toribio L., Luis E. Madrigal. 1aSanto Domingo :bMaxy,c2001. a221 páginas ;c23 cm. atextobtxt2rdacontent asin mediaciónbn2rdamedia avolumenbnc2rdacarrier aNueva edición aBibliografía : páginas 2211 aToribio L., Damaso A.,eautor4aut.1 aMadrigal, Luis E.,eautor4aut.